000 00563cam a22001815a 4500
001 ##J100747
008 000000s1911 000 0 eng u
035 _a(Sirsi) u100747
041 0 _aeng
050 0 4 _a333.07442 $2 22
110 2 _aAuctioneers' Institute of the United Kingdom
_93785
245 0 0 _aClassified catalogue of the reference and lending library, with regulations
260 _aLondon
_bAuctioneers' Institute of the United Kingdom
_c1911
300 _a76p.
_c22cm.
651 4 _aUnited Kingdom
_y
690 _aAuctioneering
_96218
942 _n0
999 _c99796
_d99796